Mechanics of fluids (Record no. 7103)

000 -LEADER
fixed length control field 01091nam a2200181Ia 4500
008 - FIXED-LENGTH DATA ELEMENTS--GENERAL INFORMATION
fixed length control field 200103s 1970 ||||xx |||||||||||||| ||und||
082 ## - DEWEY DECIMAL CLASSIFICATION NUMBER
Classification number 621
Item number MAS
100 ## - MAIN ENTRY--PERSONAL NAME
Personal name Massey, B. S.
245 #0 - TITLE STATEMENT
Title Mechanics of fluids
250 ## - EDITION STATEMENT
Edition statement 2nd
260 ## - PUBLICATION, DISTRIBUTION, ETC. (IMPRINT)
Name of publisher, distributor, etc English Language Book Society
Date of publication, distribution, etc 1970
Place of publication, distribution, etc London
300 ## - PHYSICAL DESCRIPTION
Extent xix, 508 p.: ill.
504 ## - BIBLIOGRAPHY, ETC. NOTE
Bibliography, etc Table of Contents<br/><br/>1. Fundamental concepts<br/>2. Fluid statics<br/>3. principles governing fluids in motion<br/>4. momentum equation<br/>5. Physical similarity and dimensional analysis<br/>6. Laminar flow between solid boundaries<br/>7. Flow and losses in pipes and fittings<br/>8. Boundary layers, wakes and other shear layers<br/>9. flow of an inviscid fluid<br/>10. Flow with a free surface<br/>11. Compressible flow of gases<br/>12. Unsteady flow<br/>13. Fluid machines<br/>App. 1. Units and conversion factors<br/>App. 2. Physical constants and properties of fluids<br/>App. 3. Tables of gas flow functions<br/>App. 4. Algebraic symbols<br/>Answers to problems<br/>Index
650 ## - SUBJECT ADDED ENTRY--TOPICAL TERM
Topical term or geographic name as entry element Fluid mechanics
650 ## - SUBJECT ADDED ENTRY--TOPICAL TERM
Topical term or geographic name as entry element Mechanical engineering
650 ## - SUBJECT ADDED ENTRY--TOPICAL TERM
Topical term or geographic name as entry element Hydraulic engineering
942 ## - ADDED ENTRY ELEMENTS (KOHA)
Item type Books
Holdings
Withdrawn status Lost status Source of classification or shelving scheme Damaged status Not for loan Collection code Permanent location Current location Shelving location Date acquired Full call number Barcode Date last seen Koha item type Public note
          Non-fiction IMU-MPC Library IMU-MPC Library General Stacks 2020-01-08 621 MAS MPC1678 2025-03-17 Books Column - 27
          Non-fiction IMU-MPC Library IMU-MPC Library General Stacks 2020-01-08 621 MAS MPC1748 2025-03-17 Books Column - 27
          Non-fiction IMU-MPC Library IMU-MPC Library General Stacks 2020-01-08 621 MAS MPC1749 2025-03-17 Books Column - 27
Copyright © 2021 Indian Maritime University, Mumbai Port Campus. All Rights Reserved. Managed & Maintained by Central Library, IMU-Mumbai

webs counters

Powered by Koha